| 000 | 00726nam a22002297a 4500 | ||
|---|---|---|---|
| 005 | 20170124110232.0 | ||
| 010 | _aA-707229 | ||
| 020 |
_c350.00 _a8185689407 |
||
| 035 | _aA-707229 | ||
| 037 | _bCen Lib/Ret | ||
| 040 |
_aDPL _bEN |
||
| 082 |
_a954.011 _bTAL |
||
| 100 |
_aTalageri, Shrikant G. _941417 |
||
| 245 |
_aThe Aryan invasion theory : _cby Shrikant G. Talageri _ba reappraisal / |
||
| 260 |
_aDelhi _bAditya Prakashan _c1993 |
||
| 270 |
_bDelhi _aF-14/65, Model Town II _e110009 |
||
| 300 |
_axvii,373p. _c21cm(Hb) |
||
| 500 | _aIncludes index | ||
| 650 |
_aVedic literature -- History and criticism _y _941418 |
||
| 650 |
_aIndo-Aryans -- Origin _932315 |
||
| 942 |
_2ddc _cEN _h954.011 _mTAL |
||
| 999 |
_c134689 _d134689 |
||